000 00739nam a2200205 i 4500
001 95234
003 ES-MaACL
005 20250815062638.0
007 t|
008 050524q1914 sp ||||1| spa d
100 1 _aLynch, Jeremiah.
_974937
245 1 0 _aViaje al Clondic y estudio sobre la vida de los buscadores de oro /
_cpor Jeremiah Lynch; traducción por Luis de Terán.
260 _aMadrid :
_bLa España Moderna,
_c1914 (
_fImp. de V. Tordesillas)
300 _a235 p. ;
_c25 cm.
490 1 _aBiblioteca de Jurisprudencia Filosofia é Historia
700 1 _aTerán, Luis de,
_d1864-1935
_9109725
830 0 0 _aBiblioteca de jurisprudencia, filosofía e historia
_9180691
852 _aES-MaACL
_jA-4581
999 _c95234
_d95234